Circuitos administrativos (Registro nro. 2272)
[ vista simple ]
| 000 -LEADER | |
|---|---|
| fixed length control field | 01518 a2200217 4500 |
| 001 - CONTROL NUMBER | |
| control field | 32397 |
| 005 - DATE AND TIME OF LATEST TRANSACTION | |
| control field | 20260407155622.0 |
| 008 - FIXED-LENGTH DATA ELEMENTS--GENERAL INFORMATION | |
| fixed length control field | 260407a1982 arg spa d |
| 003 - CONTROL NUMBER IDENTIFIER | |
| control field | AR-UNSa-BCEJYS |
| 040 ## - CATALOGING SOURCE | |
| Original cataloging agency | AR-UNSa-BCEJYS |
| Language of cataloging | spa |
| Transcribing agency | AR-UNSa-BCEJYS |
| 080 ## - UNIVERSAL DECIMAL CLASSIFICATION NUMBER | |
| Universal Decimal Classification number | 658.012.123 |
| Common auxiliary subdivision | Modelos de decisión. Diagramas de decisión. Árboles de decisión (Cursogramas) |
| 041 ## - LANGUAGE CODE | |
| Language code of text/sound track or separate title | spa |
| 100 1# - MAIN ENTRY--PERSONAL NAME | |
| Personal name | Klein, Miguel Jorge |
| 245 10 - TITLE STATEMENT | |
| Title | Circuitos administrativos |
| 250 ## - EDITION STATEMENT | |
| Edition statement | 3a. ed |
| 264 #1 - PRODUCTION, PUBLICATION, DISTRIBUTION, MANUFACTURE, AND COPYRIGHT NOTICE | |
| Place of production, publication, distribution, manufacture | Buenos Aires : |
| Name of producer, publisher, distributor, manufacturer | El Coloquio |
| Date of production, publication, distribution, manufacture, or copyright notice | 1982 |
| 300 ## - PHYSICAL DESCRIPTION | |
| Extent | 224 p. |
| Dimensions | 24 cm. |
| 505 ## - FORMATTED CONTENTS NOTE | |
| Formatted contents note | 1. Ventas al contado en el mostrador - 2. Ventas con factración 3. Ventas con factración - 4. Ventas con factración - 5. Ventas al interior por correspondencia - 6. Ventas al interior por corredores - 7. Ingresos de caja y bancos - 8. Ingresos por correspondencia - 9. Ingreso de documentos a cobrar - 10. Cobranzas por intermedio de corredores - 11. Cobranzas por intermedio de viajantes - 12. Descuentos o endoso de documentos a cobrar - 13. Compras menos - 13. Compras menores - 14. Compras menores y pago a proveedores - 15. Compras mayores - 16. Pago a proveedores - 17. Compras y pago a proveedores - 18. Emisión deobligaciones a pagar - 19. Levantamiento de obligaciones a pagar - 20. Constitución del fondo fijo - 21. Reposición del fondo fijo - 22. Liquidación de sueldos y jornales - 23. Liquidación y pago de sueldos y jornales - 24. Liquidación de jornales a destajo |
| 590 ## - LOCAL NOTE (RLIN) | |
| Local note | niveau_biblio:m niveau_hierar:0 |
| 942 ## - ADDED ENTRY ELEMENTS (KOHA) | |
| Koha item type | |
| Withdrawn status | Lost status | Damaged status | Not for loan | Home library | Current library | Shelving location | Date acquired | Total checkouts | Full call number | Barcode | Date last seen | Price effective from | Koha item type |
|---|---|---|---|---|---|---|---|---|---|---|---|---|---|
| Biblioteca Prof. Eusebio Cleto del Rey | Biblioteca Prof. Eusebio Cleto del Rey | 07/04/2026 | 658.012.123 K64c 3ed. | L26557 | 07/04/2026 | 07/04/2026 | Libro | ||||||
| Biblioteca Prof. Eusebio Cleto del Rey | Biblioteca Prof. Eusebio Cleto del Rey | 07/04/2026 | 658.012.123 K64c 3ed. | L26559 | 07/04/2026 | 07/04/2026 | Libro |